Der Weg zu Freiheit und Neutralität: Dokumentation zur österreichischen Ausenpolitik 1945-1955

Guardat en:
Dades bibliogràfiques
Autor principal: Csáky, Eva-Marie (Autor)
Format: Llibre
Idioma:alemany
Publicat: Weinheim Osterr 1980
Matèries:
Etiquetes: Afegir etiqueta
Sense etiquetes, Sigues el primer a etiquetar aquest registre!

MARC

LEADER 00000nam a2200000 a 4500
001 UCO7989
003 CL-VaPUC
008 001124e19800000gw |||||||||||||||||ger|d
082 0 4 |a 327.436  |b CSA  |2 21 
100 0 |a Csáky, Eva-Marie  |e author  |9 452790 
245 1 4 |a Der Weg zu Freiheit und Neutralität: Dokumentation zur österreichischen Ausenpolitik 1945-1955 
300 |a 461 p 
942 |c BK 
945 |d 20001124 00:00:00  |a crobeson 
260 |a Weinheim  |b Osterr  |c 1980 
500 |a Donación del profesor Manfred Wilhelmy von Wolff 
650 0 |a Política exterior   |9 316628 
650 0 |a Relaciones Internacionales  |9 255740 
650 7 |a HISTORIA DIPLOMATICA 1945-1955  |2 CL-VaPUC  |9 452791 
651 7 |a AUSTRIA  |2 CL-VaPUC  |9 266851 
583 |a last modification  |c 20171130 05:59:29  |k Rodrigo Vera 
999 |c 292801  |d 292799 
952 |0 0  |1 0  |4 0  |6 327_436000000000000_CSA_1980  |7 0  |8 A  |9 343874  |a BIBHIS  |b BIBHIS  |d 2019-11-20  |i 1235079  |o 327.436 CSA 1980  |p 1235079  |r 2025-01-20  |w 2019-11-20  |y BK  |k HIS